Capitoli
Elmentve itt :
| Szerző: | |
|---|---|
| Dokumentumtípus: | Cikk |
| Megjelent: |
1858
|
| Sorozat: | Kolligátum
|
| Kulcsszavak: | Olasz irodalom - szatíra |
| Online Access: | http://misc.bibl.u-szeged.hu/25846 |
| LEADER | 00516nab a2200169 i 4500 | ||
|---|---|---|---|
| 001 | misc25846 | ||
| 005 | 20191111110743.0 | ||
| 008 | 171125s1858 hu o 0|| zxx d | ||
| 040 | |a SZTE Miscellanea Repozitórium |b hun | ||
| 041 | |a zxx | ||
| 100 | 1 | |a Ariosto Lodovico | |
| 245 | 1 | 0 | |a Capitoli |h [elektronikus dokumentum] / |c Ariosto Lodovico |
| 260 | |c 1858 | ||
| 300 | |a 38-43 | ||
| 490 | 0 | |a Kolligátum | |
| 695 | |a Olasz irodalom - szatíra | ||
| 856 | 4 | 0 | |u http://misc.bibl.u-szeged.hu/25846/1/018_005_038-043.pdf |z Dokumentum-elérés |